Colón descubre América. Descartes, la subjetividad /

René Descartes y el descubrimiento de América para el capitalismo. El discurso del método: dudo de todo. Pienso, luego existo; las filosofías idealistas y el humanismo: la subjetividad del hombre como punto de partida epistemológico. ¿Cómo demostrar la existencia de la realidad externa?, la recurren...

Descripción completa

Guardado en:
Autor Principal: Feinmann, José Pablo
Autor Corporativo: Canal Encuentro.
Formato: Deslizar
Publicado: Argentina, 2008
Series:Filosofía aquí y ahora - Temporada 1
Materias:
Etiquetas: Agregar Etiqueta
Sin Etiquetas, Sea el primero en etiquetar este registro!
LEADER 01485ngm a22003735g 4500
001 CEM.cems023348
008 130507s2008##################0###0#####d
005 20250306165919.0
245 1 0 |a Colón descubre América. Descartes, la subjetividad /  |c José Pablo Feinmann. 
260 |a Argentina,  |c 2008 
300 |a 28'. 
490 0 |a Filosofía aquí y ahora - Temporada 1 
538 |a Soporte: DVD - Color: Si - Grabación DRD. 
520 |a René Descartes y el descubrimiento de América para el capitalismo. El discurso del método: dudo de todo. Pienso, luego existo; las filosofías idealistas y el humanismo: la subjetividad del hombre como punto de partida epistemológico. ¿Cómo demostrar la existencia de la realidad externa?, la recurrencia a la veracidad divina; el dualismo entre el sujeto y el objeto. 
500 |a Consultar en ventanilla. 
590 |a Identificación anterior registrada en SIABUC: D62A. 
100 1 |a Feinmann, José Pablo 
710 2 |a Canal Encuentro. 
082 1 0 |/ FEI-1 
653 |a FILOSOFIA 
653 |a FILOSOFIA AQUI Y AHORA 
653 |a FEINMANN 
653 |a DESCARTES 
653 |a METODO 
653 |a PENSAMIENTO 
653 |a COLON 
653 |a AMERICA 
653 |a DESCUBRIMIENTO DE AMERICA 
653 |a COLONIZACION 
653 |a SUBJETIVIDAD 
653 |a HUMANISMO 
653 |a HISTORIA 
653 |a SERIE DE TELEVISIÓN 
859 |a CEMS  |b BIB. CEMS - Depto. Recursos Didacticos  |h 100  |i FEI-1  |k DRD  |p 1991.15  |t Ej.1